फटका. (Record no. 761999)

MARC details
000 -LEADER
fixed length control field 00537nam a2200181Ia 4500
008 - FIXED-LENGTH DATA ELEMENTS--GENERAL INFORMATION
fixed length control field 100921s9999 xx 000 0 und d
082 ## - DEWEY DECIMAL CLASSIFICATION NUMBER
Item number 12886
Classification number 891.463 थ 70
100 ## - MAIN ENTRY--PERSONAL NAME
Personal name शेळके उध्दव.
245 ## - TITLE STATEMENT
Title फटका.
260 ## - PUBLICATION, DISTRIBUTION, ETC. (IMPRINT)
Name of publisher, distributor, etc रम्यकथा प्रकाशन, पुणे.
Date of publication, distribution, etc 1970
300 ## - PHYSICAL DESCRIPTION
Extent 84
Other physical details ---
365 ## - TRADE PRICE
Price amount 4.5
520 ## - SUMMARY, ETC.
Summary, etc ललित-कादंबरी.
630 ## - SUBJECT ADDED ENTRY--UNIFORM TITLE
Uniform title फटका.
650 ## - SUBJECT ADDED ENTRY--TOPICAL TERM
Topical term or geographic name as entry element ललित-कादंबरी.
730 ## - ADDED ENTRY--UNIFORM TITLE
Uniform title फटका.
942 ## - ADDED ENTRY ELEMENTS (KOHA)
Koha item type Book
Holdings
Withdrawn status Lost status Damaged status Not for loan Home library Current library Shelving location Date acquired Cost, normal purchase price Total Checkouts Barcode Date last seen Price effective from Koha item type Public note
  Missing from bundle     Lo. Tilak Granthasangrahalaya, Wai Lo. Tilak Granthasangrahalaya, Wai     4.50   WAITILAKGS-12886 09/21/2010 09/21/2010 Book गहाळ